Essential Teaching Principles: A resource Collection for Adjunct Faculty (Record no. 3715)

000 -LEADER
fixed length control field 00837cam a2200265 a 4500
001 - CONTROL NUMBER
control field 16772483
003 - CONTROL NUMBER IDENTIFIER
control field OSt
005 - DATE AND TIME OF LATEST TRANSACTION
control field 20161107102815.0
008 - FIXED-LENGTH DATA ELEMENTS--GENERAL INFORMATION
fixed length control field 110510s2012 cau b 001 0 eng
010 ## - LIBRARY OF CONGRESS CONTROL NUMBER
LC control number 2011019183
020 ## - INTERNATIONAL STANDARD BOOK NUMBER
International Standard Book Number 9780912150246
040 ## - CATALOGING SOURCE
Original cataloging agency DLC
Transcribing agency DLC
Modifying agency DLC
043 ## - GEOGRAPHIC AREA CODE
Geographic area code n-us---
050 00 - LIBRARY OF CONGRESS CALL NUMBER
Classification number LB2331.E87 2016
245 ## - TITLE STATEMENT
Title Essential Teaching Principles: A resource Collection for Adjunct Faculty
Statement of responsibility, etc Compiled by Maryellen Weimer
260 ## - PUBLICATION, DISTRIBUTION, ETC. (IMPRINT)
Place of publication, distribution, etc Wisconsin
Name of publisher, distributor, etc Magna Publications
Date of publication, distribution, etc 2016
300 ## - PHYSICAL DESCRIPTION
Extent 236 p
Dimensions 23 cm.
504 ## - BIBLIOGRAPHY, ETC. NOTE
Bibliography, etc
650 #0 - SUBJECT ADDED ENTRY--TOPICAL TERM
Topical term or geographic name as entry element College teaching
Geographic subdivision
650 #0 - SUBJECT ADDED ENTRY--TOPICAL TERM
Topical term or geographic name as entry element Effective teaching.
Source of heading or term Adjunct Faculty
700 ## - ADDED ENTRY--PERSONAL NAME
Personal name Weimer, Maryellen PhD
906 ## - LOCAL DATA ELEMENT F, LDF (RLIN)
a 7
b cbc
c orignew
d 1
e ecip
f 20
g y-gencatlg
942 ## - ADDED ENTRY ELEMENTS (KOHA)
Source of classification or shelving scheme
Koha item type Book
Holdings
Withdrawn status Lost status Source of classification or shelving scheme Damaged status Not for loan Home library Current library Shelving location Date acquired Total Checkouts Total Renewals Full call number Barcode Date last seen Date checked out Copy number Price effective from Koha item type
          Riara University Library Riara University Library General stack 07/11/2016 2 2 LB2331.E87 2016 8859/16 05/07/2017 06/06/2017 C.1 07/11/2016 Book
          Riara University Library Riara University Library General stack 07/11/2016     LB2331.E87 2016 8860/16 07/11/2016   C.2 07/11/2016 Book
          Riara University Library Riara University Library General stack 07/11/2016     LB2331.E87 2016 8861/16 07/11/2016   C.3 07/11/2016 Book
          Riara University Library Riara University Library General stack 07/11/2016     LB2331.E87 2016 8862/16 07/11/2016   C.4 07/11/2016 Book
          Riara University Library Riara University Library General stack 07/11/2016 1   LB2331.E87 2016 8863/16 16/01/2017 07/11/2016 C.5 07/11/2016 Book

Riara University Library,
P.O. Box 49940-00100,
Nairobi, Kenya.